|
|
|
|
| LEADER |
01233nam a22003374a 4500 |
| 001 |
EBC243019 |
| 003 |
MiAaPQ |
| 005 |
20200520144314.0 |
| 006 |
m o d | |
| 007 |
cr cn||||||||| |
| 008 |
031212s2004 nyua s 001 0 eng |
| 010 |
|
|
|z 2003027325
|
| 020 |
|
|
|z 0814408125 (hardcover)
|
| 035 |
|
|
|a (MiAaPQ)EBC243019
|
| 035 |
|
|
|a (Au-PeEL)EBL243019
|
| 035 |
|
|
|a (CaPaEBR)ebr10075615
|
| 035 |
|
|
|a (OCoLC)56476674
|
| 040 |
|
|
|a MiAaPQ
|c MiAaPQ
|d MiAaPQ
|
| 050 |
|
4 |
|a HD69.P75
|b R666 2004
|
| 082 |
0 |
4 |
|a 004/.068/4
|2 22
|
| 100 |
1 |
|
|a Rosen, Anita.
|
| 245 |
1 |
0 |
|a Effective IT project management
|h [electronic resource] :
|b using teams to get projects completed on time and under budget /
|c Anita Rosen.
|
| 260 |
|
|
|a New York :
|b AMACOM,
|c c2004.
|
| 300 |
|
|
|a xiv, 288 p. :
|b ill.
|
| 500 |
|
|
|a Includes index.
|
| 533 |
|
|
|a Electronic reproduction. Ann Arbor, MI : ProQuest, 2015. Available via World Wide Web. Access may be limited to ProQuest affiliated libraries.
|
| 650 |
|
0 |
|a Project management.
|
| 650 |
|
0 |
|a Information technology
|x Management.
|
| 655 |
|
4 |
|a Electronic books.
|
| 710 |
2 |
|
|a ProQuest (Firm)
|
| 856 |
4 |
0 |
|u https://ebookcentral.proquest.com/lib/matrademy/detail.action?docID=243019
|z Click to View
|